Production & manufacturing research

Bibliographic Details
Format: Electronic Journal
Language:English
Published: Abingdon, Oxfordshire, UK : Taylor & Francis
Subjects:
Online Access:Full text available from Research Library: 12/01/2017 to 12/31/2017

MARC

LEADER 00000nas a2200000 i 4500
001 ssj0001105104
003 WaSeSS
005 20200512172242.0
006 m d
007 cr n
008 120820c20139999enkar p s | a0eng
010 |a  2012203290 
015 |a GBB631087  |2 bnb 
016 7 |a 017078253  |2 Uk 
022 |a 2169-3277 
035 |a (WaSeSS)ssj0001105104 
037 |b Taylor & Francis Group, 4 Park Square, Milton Park, Abingdon, Oxfordshire, OX14 4RN, UK  |c $1500 
040 |a DLC  |b eng  |c DLC  |d OCLCQ  |d OTZ  |d OCLCO  |d DLC  |d OCLCF  |d CUS  |d NLE  |d UKMGB  |d VT2  |d WaSeSS 
042 |a pcc  |a nsdp 
050 0 0 |a TS183 
082 1 0 |a 670  |2 23 
210 0 |a Prod. manuf. res. 
222 0 |a Production & manufacturing research 
245 0 0 |a Production & manufacturing research  |h [electronic resource]. 
246 1 |a Production and manufacturing research 
260 |a Abingdon, Oxfordshire, UK :  |b Taylor & Francis 
310 |a Annual 
362 1 |a Began with: Volume 1, Issue 1 (2013) 
506 |a License restrictions may limit access. 
588 |a Description based on: Volume 1, Issue 1 (2013); title from caption (tandfonline.com, viewed Oct. 31, 2014). 
588 |a Latest issue consulted: Volume 2, Issue 1 (2014)(tandfonline.com, viewed Oct. 31, 2014). 
650 0 |a Manufacturing processes  |v Periodicals. 
650 0 |a Production engineering  |x Research  |v Periodicals. 
650 7 |a Manufacturing processes.  |2 fast  |0 (OCoLC)fst01008139 
650 7 |a Production engineering  |x Research.  |2 fast  |0 (OCoLC)fst01078296 
655 0 |a Electronic journals. 
850 |a DLC 
856 4 0 |z Full text available from Research Library: 12/01/2017 to 12/31/2017  |u https://search.proquest.com/publication/3933343